El otro círculo. Cuentos casi completos y dos novelas breves (Record no. 7788)

MARC details
000 -LEADER
campo de control de longitud fija 00399nam a2200145Ia 4500
001 - NÚMERO DE CONTROL
campo de control 2334
008 - DATOS DE LONGITUD FIJA--INFORMACIÓN GENERAL
campo de control de longitud fija 241024s9999 xx 000 0 und d
020 ## - NÚMERO INTERNACIONAL ESTÁNDAR DEL LIBRO
Número Internacional Estándar del Libro 978-9945-404-55-5
082 ## - NÚMERO DE LA CLASIFICACIÓN DECIMAL DEWEY
Número de clasificación RD/863.44/SA237o
100 ## - ENTRADA PRINCIPAL--NOMBRE DE PERSONA
Nombre de persona Luis R. Santos
245 #0 - MENCIÓN DEL TÍTULO
Título El otro círculo. Cuentos casi completos y dos novelas breves
260 ## - PUBLICACIÓN, DISTRIBUCIÓN, ETC.
Nombre del editor, distribuidor, etc. Editorial Nacional
Fecha de publicación, distribución, etc. 2012
901 ## - ELEMENTOS DE DATOS A LOCAL LDA (RLIN)
a 9/8/2012 11:29:21 a.m.

No items available.

© 2024. Todos los Derechos Reservados. Desarrollado por IDEICE